00915nam a2200217 a 4500001001000000003000500010005001700015008004100032010001100073011001100084040000900095100003000104245017600134260005700310500006000367502010400427650002600531650004200557650002800599856007000627000112479CHAP20220329144308.0160419s2015 mx a fsm |||||||spa d a108940 a109912 cCHAP1 aRomán Montero, Carolina13aLa ganadería bovina ejidal en el municipio de Mapastepec, Chiapas, en el marco del modelo económico neoliberal, 1990-2013/h[En línea]cpor Carolina Román Montero. aSan Cristobal de Las Casas, Chis :bEl autor,c2015. aPara ver el contenido del material haga clic en la liga aTesis (M.C. en Desarrollo Rural Regional) -- UACH. Dirección de Centros Regionales Universitarios14aGanaderíaxChiapas.14aGanado vacunoxAspectos económicos.14aGanado vacunoxChiapas. aFinding aiduhttp://10.13.5.2/tesis/sist112479.pdfzTeclea aquí